00481 2200181 4500001002100000005001500021008004100036020002200077035001900099041000700118082001000125090001600135100002300151245003600174260003700210300001800247650003400265INLIS00000000001648120241224115131241224||||||||| | ||| |||| || |  a978-979-033-110-5 0010-1224016481 aid0 a551.4 a551.4 SAL g0 aLaura Purdie Salas00aGURUN PADANG INDAH YANG GERSANG aJakartabErlangga For Kidsc2007 a24hlm;22x22cm 0ailmu Pengetahuan Tentang Bumi